Statistics for Countries that border Poland.

Click here to take the quiz!

General Stats

  • This quiz has been taken 18 times
  • The average score is 6 of 7

Answer Stats

PopulationAnswer% Correct
84,409,181Germany
100%
146,080,644Russia
92%
9,442,062Belarus
83%
5,465,820Slovakia
83%
43,121,015Ukraine
83%
10,755,398Czech Republic
75%
2,633,667Lithuania
75%

Score Distribution

Percentile by Number Answered

Percent of People with Each Score

Your Score History

You have not taken this quiz